000
00298nam a2200133Ia 4500
100
_a
Kasare/R.M
942
_c
BK
654
_a
mechanical
245
_a
Mechanical measurements
260
_b
Central Book Publishing
_a
Mumbai
_c
2003
082
_a
621/KAS
_b
KAS
300
_a
116
546
_a
ENGLISH
999
_c
18886
_d
18886